000 00516nam a2200121Ia 4500
008 171212s9999 xx 000 0 und d
020 _a9780833085641
100 _aOsburg, Jan;Paul, Christopher;Saum-Manning, Lisa;Madden, Dan;Payne, Leslie Adrienne
245 _cOsburg, Jan;Paul, Christopher;Saum-Manning, Lisa;Madden, Dan;Payne, Leslie Adrienne
_aAssessing Locally Focused Stability Operations
260 _bRAND Corporation
_c2014
650 _aHistory
856 _uhttp://www.jstor.org/stable/10.7249/j.ctt14bs3xn
999 _c351755
_d351755